| 000 | 00354pam a2200157a 44500 | ||
|---|---|---|---|
| 008 | 230515b1991 xxu||||| |||| 00| 0 eng d | ||
| 020 | _aNULL | ||
| 041 | _aENGLISH | ||
| 082 | _a611/CHA | ||
| 100 | _aCHURASIA B.D. | ||
| 245 | _aHUMAN ANATOMY | ||
| 250 | _a2 | ||
| 260 |
_aCALCUTTA _bCBS PUBLISHERS _c1991 |
||
| 300 | _a206 | ||
| 650 | _aHUMAN ANATOMY | ||
| 999 |
_c482682 _d482682 |
||